| 000 | 00629na a2200229 4500 | ||
|---|---|---|---|
| 001 | 18950 | ||
| 003 | MIRAKIL | ||
| 005 | 20181213154810.0 | ||
| 008 | 161205b tu 000 0 | ||
| 035 | _a18950 | ||
| 040 |
_aMilas _btur _cTR-AnCHP |
||
| 041 | _atur | ||
| 082 |
_a351.0091 _bO51 1997 |
||
| 090 | _a351.0091 O51 1997 | ||
| 245 |
_aOmbudsman kurumu incelemesi _cTürk Sanayicileri ve İşadamları Derneği (TÜSİAD) |
||
| 260 |
_a[y.y.] _bTÜSİAD _c1997 |
||
| 300 |
_aYaklaşık 40 s. _c28 sm. |
||
| 650 |
_aKamu hukuku _xDenetim |
||
| 650 |
_aKamu yönetimi _xDenetim |
||
| 710 | _aTÜSİAD | ||
| 942 |
_2ddc _cBKS |
||
| 999 |
_c1031 _d1031 |
||